LEADER 02687nam 22004333u 450 001 9910536557003321 005 20210113182628.0 010 $a1-4314-0792-5 035 $a(CKB)2670000000547427 035 $a(EBL)1657280 035 $a(MiAaPQ)EBC1657280 035 $a(EXLCZ)992670000000547427 100 $a20140331d2014|||| u|| | 101 0 $aeng 135 $aur|n|---||||| 200 10$aZumanomics Revisited$b[electronic resource] 210 $aChicago $cJacana Media$d2014 215 $a1 online resource (206 p.) 300 $aDescription based upon print version of record. 311 $a1-4314-0791-7 327 $aFront Cover; About the Author; Title Page; Imprint Page; Dedication; Contents; Acknowledgements; List of Abbreviations; Preface; 1 - Global economic perspectives; 2 - The South African Economy: Past and prospective; 3 - But why is South Africa here yet again?; 4 - The National Development Plan: The 'new normal' for South Africa?; 5 - Addressing the 'tale of five deficits'; A. The social deficit; B. The fiscal deficit; C. The trade deficit; D. The delivery deficit; E. The trust deficit; 6 - Implementing the National Development Plan: Risks and opportunities; 7 - The mixed economy and business 327 $a8 - The National Development Plan and Presidents Zuma's place in history9 - Conclusion: Can South Africa prove the sceptics wrong?; References; Index; Back Cover 330 $aIn the light of global and domestic developments since 2009, Raymond Parsons now reassesses the economic prospects for SA post-Mangaung and following the 2014 general election. While the 2009 publication was a collective effort with other contributors, this is an individual one. Many red lights are flashing for the economy and SA is struggling to avoid a ?low-growth trap'. What are the conditions for the success of the National Development Plan's vision for 2030 and can it be translated into reality? What will happen after the 2014 election? Drawing on his considerable experience and 606 $aSouth Africa -- Economic conditions -- 21st century 606 $aSouth Africa -- Economic policy 606 $aSouth Africa -- Politics and government -- 21st century 608 $aElectronic books. 615 4$aSouth Africa -- Economic conditions -- 21st century. 615 4$aSouth Africa -- Economic policy. 615 4$aSouth Africa -- Politics and government -- 21st century. 676 $a338.968 700 $aParsons$b Raymond$01116221 801 0$bAU-PeEL 801 1$bAU-PeEL 801 2$bAU-PeEL 906 $aBOOK 912 $a9910536557003321 996 $aZumanomics Revisited$92643425 997 $aUNINA LEADER 01940nam 2200397Ia 450 001 996388070403316 005 20200824132728.0 035 $a(CKB)4940000000084432 035 $a(EEBO)2240906308 035 $a(OCoLC)ocm23364995e 035 $a(OCoLC)23364995 035 $a(EXLCZ)994940000000084432 100 $a19910402d1611 uy | 101 0 $aroa 135 $aurbn||||a|bb| 200 13$aLa huictme part des reports de Sr. Edvv. Coke cheualier, chiefe iustice del Common Banke$b[electronic resource] $edes diuers resolutions & jugements donez sur solennes arguments & auec grand deliberation & conference des tresreuerneds iuges & sages de la ley, de cases en ley queux ne fueront vnques resolus ou adiudgez par deuant, et les raisons & causes des dits resolutions & iugements : publie en le neufme an de treshaut & tresillustre Iaques roy Dengl. Fr. & Irel. & de Escoce le 44. le fountaine de tout pietie & iustice, & la vie de la ley 210 $aLondon $cPrinted for the Societie of Stationers$d1611 215 $a[30], 171 [i.e. 346] p 300 $aText in law French and Latin. 300 $a"Cum Priuilegio." 300 $aSignatures: [par.]?(-[par.]1) 2[par.]? A? B-2G? (last leaf blank). 300 $aPages numbered consecutively on recto only. 300 $aPages 114 and 173 misnumbered as 110 and 171 respectively. 300 $aReproduction of original in the Harvard University. Library. 320 $aImperfect: stained with print show-through and slight loss of print. 330 $aeebo-0062 606 $aLaw reports, digests, etc$zGreat Britain 615 0$aLaw reports, digests, etc. 700 $aCoke$b Edward$cSir,$f1552-1634.$0626804 801 0$bEBL 801 1$bEBL 801 2$bWaOLN 906 $aBOOK 912 $a996388070403316 996 $aLa huictme part des reports de Sr. Edvv. Coke Cheualier, chiefe Iustice del Common Banke$92300793 997 $aUNISA